Enfoque teórico de la economía abierta de servicios y la economía de remesas del trabajo /
Bewaard in:
| Hoofdauteur: | |
|---|---|
| Formaat: | Texto |
| Onderwerpen: | |
| Tags: |
Voeg label toe
Geen labels, Wees de eerste die dit record labelt!
|
MARC
| LEADER | 00000 a a2200000 04500 | ||
|---|---|---|---|
| 001 | 5223 | ||
| 003 | |||
| 040 | |||
| 100 | |a Montesino Castro, Mario Salomón | ||
| 245 | |a Enfoque teórico de la economía abierta de servicios y la economía de remesas del trabajo / |c Mario Salomón Montesino Castro | ||
| 650 | |a EMPLEO | ||
| 650 | |a REMESAS | ||
| 650 | |a MIGRACION | ||
| 650 | |a POLITICA ECONOMICA | ||
| 650 | |a EL SALVADOR | ||
| 650 | |a SALARIOS | ||
| 650 | |a PRODUCTO INTERNO BRUTO | ||
| 773 | |g volumen 61, número 695; páginas 829-849 | ||
| 999 | |c 27529 |d 27529 | ||
| 773 | 0 | |0 18723 |9 2697 |a Universidad Centroamericana José Simeón Cañas (UCA) |d San Salvador, El Salvador Universidad Centroamericana José Simeón |o 02166 |t ECA: | |
